| 000 | 00000nam##2200000za#4500 |
| 001 | 9.522698 |
| 003 | CaOODSP |
| 005 | 20200325164005 |
| 007 | ta |
| 008 | 150406|1993||||xxc||||| f|0| 0 eng|d |
| 040 | |aCaOODSP|beng |
| 041 | |aeng |
| 041 | |afre |
| 043 | |an-cn--- |
| 086 | 1 |aYX4-1993/23 |
| 110 | 1 |aCanada.|bStatutes. |
| 245 | 13|aAn Act to amend the Copyright Act |
| 260 | |bStatutes |cBill C-88 assented to 6th May, 1993. |
| 300 | |a5p. ; |c27 cm. |
| 490 | 1 |aStatutes of Canada 1993|vChapter 23 |
| 546 | |aBilingual |
| 563 | |aSoftcover |
| 590 | |a93-21|b1993-05-28 |
| 690 | 07|aCopyright|2gcpds |
| 690 | 07|aLegislation|2gcpds |
| 792 | |tLoi modifiant la Loi sur le droit d'auteur|efre|w(CaOODSP)9.522699 |
| 830 | #0|aStatutes of Canada 1993 ;|vChapter 23|w(CaOODSP)9.509750 |